| 000 | 01495nam0a2200373 4500 | ||
|---|---|---|---|
| 001 | RU\NLR\BIBL_A\012232532 | ||
| 005 | 20200316143236.0 | ||
| 010 |
_a978-5-04-105475-5 _92000 |
||
| 021 |
_aRU _bКН-П-20-001273 _9КН-П-20-0089 |
||
| 035 | _a(NLR Aleph) 012232532 | ||
| 035 | _a(RuMoRGB)010229082 | ||
| 090 |
_a10993334 _c10993334 |
||
| 100 | _a20200228d2020 k y0rusy50 ca | ||
| 101 | 1 |
_arus _ceng |
|
| 102 | _aRU | ||
| 105 | _aa|||z|||001zy | ||
| 181 | 0 |
_ai _baxxe |
|
| 182 | 0 | _an | |
| 200 | 1 |
_aПочему мы толстеем _eмеханизмы тела, заставляющие нас переедать _fГэри Таубс _g[перевод с английского И. Чорного] |
|
| 203 |
_aТекст _bвизуальный _cнепосредственный |
||
| 210 |
_aМосква _cБомбора™ _cЭксмо _d2020 [т. е. 2019] |
||
| 215 |
_a316, [1] с. _cил. _d24 |
||
| 300 | _aНа 4-й с. обл. авт.: Г. Таубс - журналист | ||
| 300 | _aКн. фактически издана в 2019 г. | ||
| 320 | _aАлф. указ.: с. 311-317 | ||
| 333 | _a16+ | ||
| 606 | 1 |
_aОжирение _xЭтиология и патогенез _jПопулярные издания _2nlr_sh1 _2nlr_sh2 _3RU\NLR\AUTH\66795032 |
|
| 686 | 1 | _aР415.202.1-1я9 | |
| 700 | 1 |
_aТаубс _bГ. _f1956- _gГэри |
|
| 942 | _cBOOK | ||
| 980 | _aNBR | ||
| 980 | _aNB | ||